000 00544nam a2200217Ia 4500
003 OSt
005 20220912153043.0
006 a|||||r|||| 00| 0
007 ta
008 220909b |||||||| |||| 00| 0 eng d
024 _a23285
037 _cTextual
040 _aCSL
_beng
_cCSL
041 _aeng
082 _aU25g, L3
245 0 _aGuide to the measurement of marine primary production under some special conditions
260 _c1973
300 _ap.
_ccm.
942 _hU25g, L3
_cTEXL
_2CC
999 _c97360
_d97360